000 01111cam a2200253 4500
001 ABS63026
008 000000n2000 000 0 eng u
035 _a(Sirsi) u108983
100 _aWagstaff, J.
245 _aPrivate sector renewal
260 _c2000
490 _aHousing
_v October 2000, 43(1)
520 _aConcern over the quality of housing has been rising in recent years. Due to changing definitions and problems with measuring the likely cost of repairs, it is difficult to assess what has been happening with disrepair. However, it has been estimated that in 1996, 20% of private sector dwellings needed £3,000 or more to tackle outstanding repairs, while 10% would need £5,000 or more. Looks at who is affected, standards and definitions, current remedies and funding changes.
590 _aABS
650 _aPRIVATE SECTOR HOUSING
650 _aUNFIT HOUSES
650 _aFITNESS STANDARDS
650 _aDISREPAIR
650 _aPRIVATE SECTOR RENEWAL SUPPORT GRANT
650 _aGRANTS
650 _aHOUSING GREEN PAPER
690 _aHOUSING-OWNER OCCUPIED
942 _n0
999 _c65083
_d65083